• 首页
  • 本馆介绍
  • 公告通知
  • 最新文献
  • 馆藏检索
  • 电子资源
  • 读者导购
  • 参考咨询
  • 我的图书馆
  • 登录
  • 详细信息显示
  • 放入我的书架
  • 预约/预借图书
  • 作者相关作品
  • 分类相关作品
  • 丛书相关作品
  • 出版社相关作品

书目信息

  • 表格格式
  • 工作单格式
  • 卡片格式
题名:
学校心理咨询
    
 
作者: 王传旭 , 邱章乐 编著
分册:  
出版信息: 北京   中国文化出版社  2009
页数: 433页
开本: 26cm
丛书名:
单 册:
中图分类: G448
科图分类:
主题词: 心理学--研究--中国--当代 , 心理学
电子资源:
ISBN: 978-988-17468-9-4
000 00819nam0 2200253 45
001 1029913163
005 20100428151548.54
010    @a978-988-17468-9-4@dCNY54.00
100    @a20100420d2009 ekmy0chiy0120 ea
101 0  @achi
102    @aCN@b110000
105    @aa z 000yy
106    @ar
200 1  @a学校心理咨询@AXue Xiao Xin Li Zi Xun@f王传旭,邱章乐编著@FWang Chuan Xu, Qiu Zhang Le Bian Zhu
210    @a北京@c中国文化出版社@d2009
215    @a433页@c图@d26cm
330    @a全书共七章,包括:绪论、学校心理咨询技能、心理测量技术、心理发展问题咨询、异常心理咨询等。
606 0  @a心理学@x研究@y中国@z当代
606 0  @a心理学
690    @aG448@v4
701  0 @a王传旭@AWang Chuan Xu@4编著
701  0 @a邱章乐@AQiu Zhang Le@4编著
801  0 @aCN@bTANGWEI@c20100428
905    @b0594178-82@dG448@e185@f5
    
    学校心理咨询/王传旭,邱章乐编著.-北京:中国文化出版社,2009
    433页:图;26cm
    
    
    ISBN 978-988-17468-9-4:CNY54.00
    全书共七章,包括:绪论、学校心理咨询技能、心理测量技术、心理发展问题咨询、异常心理咨询等。
●
相关链接 在E读中查询图书 在五车中查询图书 在当当中查询图书 在豆瓣中查询图书


正题名:学校心理咨询     索取号:G448/185         预约/预借

序号 登录号 条形码 馆藏地/架位号 状态 备注
1 0594178   205941784   第一样本阅览室/ [索取号:G448/185] 在馆    
2 0594179   205941793   第四借阅区/ [索取号:G448/185] 在馆    
3 0594180   205941800   第四借阅区/ [索取号:G448/185] 在馆    
4 0594181   205941819   第四借阅区/ [索取号:G448/185] 在馆    
5 0594182   205941828   第四借阅区/ [索取号:G448/185] 在馆    
唐山师范学院图书馆 欢迎您!
大连网信软件有限公司© 版权所有